Tratado de hermenéutica analógica. Hacia un nuevo modelo de interpretación.

La analogía ha recorrido la historia desde los pitagóricos presocráticos hasta hoy, revistiendo formas diversas de pensamiento que tratan de encontrar la proporción, esto es, lo que es alcanzable de semejante en las cosas, sin olvidar que predomina lo diferente, la diversidad. Es decir, respeta la d...

Descrizione completa

Salvato in:
Dettagli Bibliografici
Autore principale: Beuchot, Mauricio (autor)
Natura: Libro
Lingua:inglese
Pubblicazione: México, D.F., México: Universidad Nacional Autónoma de México, 2015.
Edizione:Quinta edición.
Serie:Cuadernos del Seminario de Hermenéutica (Instituto de Investigaciones Filológicas), 13.
Soggetti:
Tags: Aggiungi Tag
Nessun Tag, puoi essere il primo ad aggiungerne!!

MARC

LEADER 00000nam a22000007a 4500
003 CL-VaPUC
005 20220822114445.0
008 220330t2015 ||||| |||| 00| 0 eng d
999 |c 435202  |d 435200 
020 |a 978-607-02-6534-1 
040 |c Pontificia Universidad Católica de Valparaíso 
082 7 |a 121.686 BEU 2015  |2 22 
100 |a Beuchot, Mauricio  |9 518846  |e autor 
245 |a Tratado de hermenéutica analógica.   |b Hacia un nuevo modelo de interpretación.  
250 |a Quinta edición. 
260 |a México, D.F., México:   |b Universidad Nacional Autónoma de México,   |c 2015. 
300 |a 257 páginas.  
490 |a Cuadernos del Seminario de Hermenéutica (Instituto de Investigaciones Filológicas),   |v 13. 
500 |a c.1 Donación Familia Prof. Alejandro Guzmán Brito. 
520 |a La analogía ha recorrido la historia desde los pitagóricos presocráticos hasta hoy, revistiendo formas diversas de pensamiento que tratan de encontrar la proporción, esto es, lo que es alcanzable de semejante en las cosas, sin olvidar que predomina lo diferente, la diversidad. Es decir, respeta la diferencia sin renunciar a la semejanza que permite lograr alguna universalización. El libro, que es el fundamental para el movimiento de la hermenéutica analógica, exhibe dos partes. En la primera, teórica, se define la hermenéutica misma, se busca el sentido de una interpretación mediadora, y el tipo de argumentación que se puede ofrecer para apoyarla, y se la vincula con la metafísica y con la ética. En la otra parte se intenta aplicar la hermenéutica analógica, vinculándola con la filología clásica y con el psicoanálisis freudiano, y también se hace una comparación de la hermenéutica con la semiótica (en concreto, la de Greimas, de la mano de Ricoeur). En esta quinta edición se corrigen aspectos de la anterior, se mejora la explicación de los temas, se actualiza la bibliografía y se añaden algunos apéndices sobre los rumbos que va encontrando la hermenéutica analógica. 
583 |c 20220330  |k Yessy Stephany Diaz Vidal 
650 |a Hermenéutica  |9 269473 
942 |2 ddc  |c BK  |n 0 
952 |0 0  |1 0  |2 ddc  |4 0  |6 121_686000000000000_BEU_2015  |7 1  |8 C_AGB  |9 582252  |a BIBDER  |b BIBDER  |d 2022-03-30  |e Donación   |i 5650493  |o 121.686 BEU 2015  |p 5650493  |r 2023-01-25  |t 1  |w 2022-03-30  |y BK_US  |k AGB